000 00758nam a2200241Ia 4500
003 OSt
005 20220926030418.0
006 a|||||r|||| 00| 0
007 ta
008 220923b |||||||| |||| 00| 0 eng d
037 _cGeneral Book
040 _aRTL
_cRTL
_beng
041 _2eng
_aeng
082 _aX;61:75, L1/UN
100 _aFlanders M June
_9248477
245 0 _aDemand for international reserves
260 _aPrinceton
_bNew Jersey Princeton University Press
_c1971
300 _a56p. Bibliography P 48-49, Appendiex P 45-47
_ccm.
490 _aPrinceton studies in international finance, 27.
650 _aMonetary Policy
942 _hX;61:75, L1/UN
_cGB
_2CC
999 _c649666
_d649666